书目信息 |
| 题名: |
拉萨尔言论
|
|
| 作者: | 《机会主义、修正主义资料选编》编译组编 | |
| 分册: | ||
| 出版信息: | 北京 三联书店 1976 |
|
| 页数: | 555页 | |
| 开本: | 20cm | |
| 丛书名: | ||
| 单 册: | ||
| 中图分类: | D122 | |
| 科图分类: | ||
| 主题词: | ||
| 电子资源: | ||
| ISBN: | ||
| 000 | 00540nam0 2200205 45 | |
| 001 | 0176000268 | |
| 005 | 20060817085212.70 | |
| 010 | @dCNY1.70 | |
| 100 | @a19950724d1976 em y0chiy0121 ea | |
| 101 | 0 | @achi |
| 102 | @aCN@b110000 | |
| 105 | @ay z 000yy | |
| 200 | 10 | @a拉萨尔言论@Ala sa er yan lun@f《机会主义、修正主义资料选编》编译组编 |
| 210 | @a北京@c三联书店@d1976 | |
| 215 | @a555页@d20cm | |
| 600 | 1 | @a拉萨尔,F.@x语录 |
| 690 | @aD122@v3 | |
| 801 | 0 | @aCN@bTSSF@c20060817 |
| 801 | 2 | @aCN@bNLC@c20060728 |
| 905 | @a10447@dD122@e9 | |
| 拉萨尔言论/《机会主义、修正主义资料选编》编译组编.-北京:三联书店,1976 |
| 555页;20cm |
| ISBN :CNY1.70 |
| ● |
| 相关链接 |
|
|
|
|
正题名:拉萨尔言论
索取号:D122/9
 
预约/预借
| 序号 | 登录号 | 条形码 | 馆藏地/架位号 | 状态 | 备注 |
| 1 | 0440241 | 204402413 | 密集书库/ [索取号:D122/9] | 在馆 | |
| 2 | 0465211 | 204652116 | 密集书库/ [索取号:D122/9] | 在馆 |